000 00291nam a22001337a 4500
008 180227b xxu||||| |||| 00| 0 eng d
020 _a9780195311228
041 _aeng
080 _a159.9
100 _a48
101 _aPSI
245 _aMe, Myself, and Them
_cSnyder,K
942 _2udc
_cBK
999 _c43590
_d43590